El criticón I

محفوظ في:
التفاصيل البيبلوغرافية
المؤلف الرئيسي: Gracián, Baltasar
التنسيق: كتاب
اللغة:Undetermined
منشور في: Madrid, España Espasa-Calpe 1971
الموضوعات:
الوسوم: إضافة وسم
لا توجد وسوم, كن أول من يضع وسما على هذه التسجيلة!

MARC

LEADER 00000nam a2200000Ia 4500
008 170316s9999 xx 000 0 und d
040 |a cru BVZT 
090 |a 862 G-40cr v.1 
100 |a Gracián, Baltasar 
245 |a El criticón I 
260 |a Madrid, España 
260 |b Espasa-Calpe 
260 |c 1971 
300 |a 232 páginas 
650 |a LITERATURA ESPAÑOLA 
999 |c 9938  |d 9938 
942 |c 15 D  |h 862 G-40cr v.1  |2 z